|
|
|
|
| LEADER |
00000nam a22000007a 4500 |
| 005 |
20191008233011.0 |
| 007 |
cr|||| |||| |
| 008 |
191008s2019 es |||||s|||| 00||0 spa d |
| 020 |
|
|
|a 9786139407415
|
| 035 |
|
|
|a 29530
|
| 040 |
|
|
|a vLex
|
| 090 |
|
|
|c 9734
|d 9734
|
| 100 |
1 |
|
|a Espinoza Mondragn̤, Braulio
|
| 245 |
1 |
0 |
|a Polt̕ica Criminal y Prevencin̤ del Delito hoy
|h [Recurso electrn̤ico] /
|c Braulio Espinoza Mondragn̤
|
| 256 |
|
|
|a Servicio en ln̕ea
|
| 260 |
|
|
|a Madrid:
|b Editorial Acadm̌ica Espaǫla,
|c 2019
|
| 300 |
|
|
|a 1 recurso electrn̤ico
|
| 500 |
|
|
|a La obra que me corresponde prologar es, desde mi punto de vista, el esfuerzo ms̀ consistente de orientacin̤ a la praxis criminolg̤ica que he visto en las l︢timas dčadas en Centroamřica, y su prolija investigacin̤ es sl̤o el prolegm̤eno a una propuesta definitiva y urgente en nuestros pas̕es, por hacer posible una prevencin̤ del delito cercana con la comunidad y dentro de ella. Donde el problema del delito y del transgresor sea visto en un contexto ms̀ amplio de inequidad y desigualdad social, de integracin̤ y de reinsercin̤ social y de compromiso con la persona humana. Ya sl̤o estos elementos hacen este trabajo de lectura obligatoria para los polt̕icos cuando la desazn̤ de los discursos “pro vc̕tima” se alimentan hoy de los gritos estentr̤eos de la tolerancia cero, de la presunta impunidad del Poder Judicial y de la necesidad de “medidas de shock” contra el fenm̤eno del delito.
|
| 506 |
1 |
|
|a Disponible solo en los productos indicados
|d vLex Global
|d vLex Global (Academic Edition, excluding Law Schools)
|d vLex Global (U.S. Academic Edition, Law Schools)
|d vLex Global (U.S. Academic Edition, excluding Law Schools)
|d vLex Global (Academic Edition, Law Schools)
|
| 650 |
0 |
4 |
|a Derecho Pb︢lico y Administrativo
|z Espaą
|
| 740 |
0 |
|
|a vLex Libros (Servicio en ln̕ea)
|
| 856 |
4 |
0 |
|u http://vlex.com/source/29530
|z Acceso restringido
|
| 942 |
|
|
|c BOOK
|
| 999 |
0 |
|
|a Public and Administrative Law
|